| 000 | 00957nam a22003017a 4500 | ||
|---|---|---|---|
| 003 | CHAP | ||
| 005 | 20220329140637.0 | ||
| 008 | 971013s1980 r 00010 d | ||
| 010 | _a55236 | ||
| 011 | _a56208 | ||
| 035 | _a60361 | ||
| 040 | _cCHAP | ||
| 082 |
_a621.93 _bS3 1980 |
||
| 100 | 0 | 0 |
_aSarna, R. P. _9102657 |
| 245 | _aChain saw manual | ||
| 250 | _aEd. rev. | ||
| 260 |
_aDanville, Ill. : _bInterstate, _c1980 |
||
| 300 |
_a118 p. _b: ilus. |
||
| 590 |
_aBATCH-UPD _b10 _c20130110 _lUCH01 _h0517 |
||
| 590 |
_aCONVERSION _b10 _c20130109 _lUCH01 _h1330 |
||
| 650 | 1 | 4 |
_aMaquinaria forestal. _971212 |
| 650 | 1 | 4 |
_aSierras. _9105875 |
| 901 | _aBK | ||
| 942 | _cLIBRO | ||
| 949 |
_a621.93 S3 1980 _bBC _cLIBRO _d33724000484127 _eLIBRO _fc.2 _h52083 _i60361 _si _t195.00 |
||
| 949 |
_a621.93 S3 1980 _bBC _cLIBRO _d33724000484135 _eLIBRO _h52082 _i60361 _si _t195.00 |
||
| 949 |
_a621.93 S3 1980 _bBC _cLIBRO _d33724000484143 _eLIBRO _fc.3 _h52084 _i60361 _si _t195.00 |
||
| 999 |
_c55236 _d55236 |
||